000 00594nam a2200193Ia 4500
001 21034
003 GE_BSU
008 181216s||||||||xx |||||||||||||| ||und||
040 _cGE_BSU
245 _aИнформационно-управляющие системы. №2(87) 2017
245 _cГл.ред.Сергеев М.Б.
260 _aМосква
260 _c2017
300 _a112 стр. 29см.
653 _aИнформационно-управляющие системы. №2(87) 2017
653 _aПериодика
653 _aპერიოდიკა
942 _cCR
999 _c53983
_d53983